[Event "Vlissingen HZ op 13th"]
[Site "Vlissingen"]
[Date "2009.08.05"]
[Round "6"]
[White "Zilverberg, Jasper"]
[Black "Van der Linde, Maurits"]
[Result "0-1"]
[WhiteElo "2015"]
[BlackElo "2171"]
[PlyCount "62"]
[EventDate "2009.08.01"]
[EventType "swiss"]
[EventRounds "9"]
[EventCountry "NED"]
[SourceTitle "CBM 131 Extra"]
[Source "ChessBase"]
[SourceDate "2009.09.03"]
[SourceVersion "2"]
[SourceVersionDate "2009.09.16"]
[SourceQuality "1"]

1. c4 e5 2. g3 Nf6 3. Bg2 d5 4. cxd5 Nxd5 5. Nf3 Nc6 6. 0-0 Be7 7. d4 exd4 8. Nxd4 Nxd4 9. Qxd4 Nf6 10. Qa4+ Qd7 11. Qc2 c6 12. a3 0-0 13. b4 a5 14. Bb2 axb4 15. axb4 Rxa1 16. Bxa1 Qf5 17. Qxf5 Bxf5 18. Bc3 Ne4 19. Bxe4 Bxe4 20. Nd2 Bd5 21. e4 Be6 22. Ra1 Rd8 23. Ra7 Rd3 24. Ra8+ Bf8 25. Nb1 f5 26. Kg2 fxe4 27. Rb8 Ba2 28. b5 c5 29. Rxb7 Bxb1 30. Be5 e3 31. fxe3 Rxe3 0-1

[Event "Vlissingen HZ op 13th"]
[Site "Vlissingen"]
[Date "2009.08.02"]
[Round "2"]
[White "Van den Doel, Erik"]
[Black "Van der Linde, Maurits"]
[Result "1-0"]
[WhiteElo "2590"]
[BlackElo "2171"]
[PlyCount "60"]
[EventDate "2009.08.01"]
[EventType "swiss"]
[EventRounds "9"]
[EventCountry "NED"]
[SourceTitle "CBM 131 Extra"]
[Source "ChessBase"]
[SourceDate "2009.09.03"]
[SourceVersion "2"]
[SourceVersionDate "2009.09.16"]
[SourceQuality "1"]

1. e4 e5 2. Nf3 Nc6 3. Bc4 Nf6 4. d3 Be7 5. 0-0 0-0 6. Re1 d6 7. a4 Na5 8. Ba2 c5 9. Bd2 Nc6 10. Nc3 Bg4 11. h3 Be6 12. Nd5 Bxd5 13. Bxd5 Nxd5 14. exd5 Nd4 15. b4 b6 16. c4 Qd7 17. a5 Nxf3+ 18. Qxf3 cxb4 19. Bxb4 b5 20. Rec1 Rfc8 21. cxb5 Qxb5 22. Qg4 Rxc1+ 23. Rxc1 h5 24. Qc4 Rb8 25. Bd2 g6 26. a6 Qb2 27. Be3 Rb4 28. Qc8+ Kg7 29. Qe8 Bh4 30. Rc8 Kf6 1-0

[Event "Politiken Cup 30th"]
[Site "Helsingor"]
[Date "2008.07.24"]
[Round "7"]
[White "Van der Linde, Maurits"]
[Black "Svendsen, Peter Willer"]
[Result "1/2-1/2"]
[WhiteElo "2205"]
[BlackElo "2014"]
[PlyCount "79"]
[EventDate "2008.07.19"]
[EventType "swiss"]
[EventRounds "10"]
[EventCountry "DEN"]
[SourceTitle "CBM 125 Extra"]
[Source "ChessBase"]
[SourceDate "2008.09.01"]
[SourceVersion "1"]
[SourceVersionDate "2008.09.01"]
[SourceQuality "1"]

1. e4 d6 2. d4 g6 3. Nc3 Nf6 4. Bg5 Nbd7 5. f4 c6 6. e5 dxe5 7. dxe5 h6 8. Bh4 Nh5 9. e6 fxe6 10. Qg4 Kf7 11. Bd3 Rg8 12. 0-0-0 Qa5 13. Nf3 Ndf6 14. Bxf6 exf6 15. Rhf1 f5 16. Ne5+ Kf6 17. Qh4+ Kg7 18. Nxg6 Kxg6 19. Qg4+ Kh7 20. Qxh5 Bg7 21. Qf7 Rf8 22. Qe7 e5 23. fxe5 Qxe5 24. Rde1 Qxe7 25. Rxe7 Kg8 26. Ne2 Bf6 27. Re3 Bg5 28. Nf4 Bd7 29. g3 Rae8 30. Rxe8 Rxe8 31. Kd2 Kf7 32. h4 Bxf4+ 33. Rxf4 Re5 34. Rb4 b6 35. Ra4 a5 36. Rf4 Ke6 37. Bf1 Rd5+ 38. Ke3 Ke5 39. Bd3 c5 40. c3 1/2-1/2

[Event "Guernsey op 33rd"]
[Site "Guernsey"]
[Date "2007.10.26"]
[Round "6"]
[White "Ravikumar, Vaidyanathan"]
[Black "Van der Linde, Maurits"]
[Result "1/2-1/2"]
[WhiteElo "2350"]
[BlackElo "2192"]
[PlyCount "59"]
[EventDate "2007.10.21"]
[EventType "swiss"]
[EventRounds "7"]
[EventCountry "GCI"]
[SourceTitle "EXT 2009"]
[Source "ChessBase"]
[SourceDate "2008.11.26"]
[SourceVersion "1"]
[SourceVersionDate "2008.11.26"]
[SourceQuality "1"]

1. Nf3 Nf6 2. b3 g6 3. Bb2 Bg7 4. c4 0-0 5. g3 c5 6. Bg2 d5 7. 0-0 Nc6 8. cxd5 Nxd5 9. Bxg7 Kxg7 10. Qc2 Qd6 11. Nc3 Bf5 12. Ne4 Bxe4 13. Qxe4 Nf6 14. Qc2 Rad8 15. Qb2 b6 16. Rac1 Nd4 17. d3 Nxf3+ 18. Bxf3 e5 19. Rc4 Rfe8 20. Rfc1 Nd7 21. a3 Nf8 22. b4 Ne6 23. Bg4 f5 24. Bh3 Kg8 25. Bg2 Re7 26. Bf3 Rf8 27. bxc5 bxc5 28. Rb1 f4 29. Bg2 h5 30. Qa2 1/2-1/2

[Event "Dresden ZMD op"]
[Site "Dresden"]
[Date "2007.07.29"]
[Round "9"]
[White "Van der Linde, Maurits"]
[Black "Schreyer, Oliver"]
[Result "1-0"]
[WhiteElo "2207"]
[BlackElo "2078"]
[PlyCount "30"]
[EventDate "2007.07.21"]
[EventType "swiss"]
[EventRounds "9"]
[EventCountry "GER"]
[SourceTitle "EXT 2008"]
[Source "ChessBase"]
[SourceDate "2007.11.25"]
[SourceVersion "1"]
[SourceVersionDate "2007.11.25"]
[SourceQuality "1"]

1. e4 d5 2. exd5 Qxd5 3. Nc3 Qa5 4. d4 Nf6 5. Bc4 Bg4 6. f3 Bf5 7. Bd2 Qb6 8. Nge2 e6 9. g4 Bg6 10. Nf4 Nbd7 11. Nxg6 hxg6 12. Qe2 0-0-0 13. 0-0-0 Qxd4 14. Ne4 Nxe4 15. fxe4 Ne5 1-0

[Event "Dresden ZMD op"]
[Site "Dresden"]
[Date "2007.07.23"]
[Round "3"]
[White "Van der Linde, Maurits"]
[Black "Hutschenreiter, Joerg"]
[Result "0-1"]
[WhiteElo "2207"]
[BlackElo "2001"]
[PlyCount "52"]
[EventDate "2007.07.21"]
[EventType "swiss"]
[EventRounds "9"]
[EventCountry "GER"]
[SourceTitle "EXT 2008"]
[Source "ChessBase"]
[SourceDate "2007.11.25"]
[SourceVersion "1"]
[SourceVersionDate "2007.11.25"]
[SourceQuality "1"]

1. e4 c5 2. Nf3 d6 3. d4 cxd4 4. Nxd4 Nf6 5. f3 a6 6. c4 e6 7. Nc3 Be7 8. Be3 b6 9. Be2 Bb7 10. 0-0 0-0 11. Qd2 Nbd7 12. Rfd1 Rc8 13. Rac1 Qc7 14. Bf1 Qb8 15. Qf2 Ne5 16. b3 d5 17. exd5 exd5 18. Nf5 Ba3 19. Bxb6 dxc4 20. Rb1 Be4 21. Nh6+ gxh6 22. Nxe4 Nxe4 23. fxe4 Ng4 24. Qg3 Qxb6+ 25. Kh1 Qg6 26. Bxc4 Bc5 0-1

[Event "Dresden ZMD op"]
[Site "Dresden"]
[Date "2007.07.22"]
[Round "2"]
[White "Sabel, Reinhard"]
[Black "Van der Linde, Maurits"]
[Result "1/2-1/2"]
[WhiteElo "2002"]
[BlackElo "2207"]
[PlyCount "108"]
[EventDate "2007.07.21"]
[EventType "swiss"]
[EventRounds "9"]
[EventCountry "GER"]
[SourceTitle "EXT 2008"]
[Source "ChessBase"]
[SourceDate "2007.11.25"]
[SourceVersion "1"]
[SourceVersionDate "2007.11.25"]
[SourceQuality "1"]

1. d4 Nf6 2. c4 g6 3. Nc3 Bg7 4. Nf3 0-0 5. g3 d6 6. Bg2 Nbd7 7. 0-0 e5 8. b3 Re8 9. Bb2 c6 10. dxe5 dxe5 11. e4 Qc7 12. Qc2 Nc5 13. Rfe1 Bg4 14. h3 Bxf3 15. Bxf3 Ne6 16. Ne2 c5 17. Bg2 Nd4 18. Nxd4 cxd4 19. Bf1 Bf8 20. Bd3 Bc5 21. Rad1 Re6 22. Bc1 Rae8 23. Kh2 a5 24. a4 Bf8 25. Be2 Bg7 26. Bg5 h6 27. Bxf6 Rxf6 28. Bd3 Qc5 29. Rf1 h5 30. Kg2 Bh6 31. Qe2 h4 32. Bc2 Kh7 33. Qg4 hxg3 34. fxg3 Ree6 35. Qh4 Kg7 36. Qg4 Qa3 37. Qe2 Be3 38. Rxf6 Rxf6 39. Rf1 Rb6 40. Rd1 Rxb3 41. Bxb3 Qxb3 42. Rf1 Qxa4 43. Qf3 Qxc4 44. Qf6+ Kg8 45. Qd8+ Kh7 46. Qh4+ Bh6 47. Qe7 Qe2+ 48. Rf2 Qxe4+ 49. Kh2 Bg7 50. Rxf7 Qe2+ 51. Kh1 Qe1+ 52. Kg2 Qe2+ 53. Kg1 Qe1+ 54. Kg2 Qe2+ 1/2-1/2

[Event "BEL-chT 0304"]
[Site "Belgium"]
[Date "2003.12.23"]
[Round "5.7"]
[White "Van der Linde, Maurits"]
[Black "Michiels, Rob"]
[Result "0-1"]
[WhiteElo "2269"]
[BlackElo "2248"]
[PlyCount "90"]
[EventDate "2003.10.01"]
[EventType "team"]
[EventRounds "11"]
[EventCountry "BEL"]
[SourceTitle "CBM 097 Extra"]
[Source "ChessBase"]
[SourceDate "2004.01.13"]
[SourceVersion "1"]
[SourceVersionDate "2004.01.13"]
[SourceQuality "1"]
[WhiteTeam "Gent"]
[BlackTeam "Bruges"]
[WhiteTeamCountry "BEL"]
[BlackTeamCountry "BEL"]

1. e4 e5 2. Nf3 Nc6 3. d4 exd4 4. Nxd4 Bc5 5. Be3 Nxd4 6. Bxd4 Bxd4 7. Qxd4 Qf6 8. e5 Qc6 9. Nc3 Ne7 10. Bb5 Qb6 11. 0-0-0 Qxd4 12. Rxd4 a6 13. Ba4 b5 14. Bb3 c5 15. Rf4 c4 16. Bxc4 bxc4 17. Rxc4 Bb7 18. Rd1 Bxg2 19. Rg1 Bc6 20. Rxg7 Ng6 21. e6 dxe6 22. Rxc6 Kf8 23. Rxg6 hxg6 24. Ne4 Rxh2 25. c4 Rh4 26. Nd6 Rf4 27. c5 Rxf2 28. Rb6 Kg7 29. a4 Rh8 30. Kb1 Rh1+ 31. Ka2 Rc1 32. Rxa6 g5 33. Rb6 Rf4 34. c6 Rxa4+ 35. Kb3 Ra8 36. Rb7 Rxc6 37. Nxf7 Kf6 38. Nh6 Rh8 39. Ng4+ Kf5 40. Nf2 e5 41. Nd1 Rh3+ 42. Kb4 g4 43. Rf7+ Rf6 44. Rg7 Rg6 45. Rf7+ Ke6 0-1

[Event "BEL-chT 0203"]
[Site "Belgium"]
[Date "2003.03.23"]
[Round "11.8"]
[White "Van der Linde, Maurits"]
[Black "Michiels, Rob"]
[Result "1-0"]
[WhiteElo "2203"]
[BlackElo "2136"]
[PlyCount "117"]
[EventDate "2002.10.06"]
[EventType "team"]
[EventRounds "11"]
[EventCountry "BEL"]
[SourceTitle "EXT 2004"]
[Source "ChessBase"]
[SourceDate "2003.11.25"]
[SourceVersion "1"]
[SourceVersionDate "2003.11.25"]
[SourceQuality "1"]
[WhiteTeam "Gent"]
[BlackTeam "Bruges"]
[WhiteTeamCountry "BEL"]
[BlackTeamCountry "BEL"]

1. e4 e5 2. d4 exd4 3. Nf3 c5 4. c3 d5 5. exd5 Qxd5 6. Bb5+ Nc6 7. cxd4 cxd4 8. Bxc6+ Qxc6 9. 0-0 Bc5 10. Nxd4 Bxd4 11. Qxd4 Ne7 12. Bg5 f6 13. Re1 Qd7 14. Bxf6 gxf6 15. Qxf6 Rg8 16. Nc3 Rg6 17. Qh8+ Kf7 18. Qxh7+ Rg7 19. Qh5+ Ng6 20. Rad1 Qf5 21. Qe2 Bd7 22. Ne4 Kg8 23. Qc4+ Kh8 24. Ng3 Qb5 25. Qd4 Qa4 26. Qf6 Rf8 27. Qg5 Qf4 28. Qh5+ Rh7 29. Qxg6 Qxf2+ 30. Kh1 Rg8 31. Qe4 Rxg3 32. Rxd7 Rxd7 33. Qh4+ Rh7 34. Re8+ Kg7 35. Qe7+ Qf7 36. Qe5+ Kh6 37. Re6+ Rg6 38. Qe3+ Kg7 39. Re7 Rf6 40. Rxf7+ Kxf7 41. h3 Rg7 42. Kh2 Rfg6 43. g4 Rf6 44. Qc3 Rc6 45. Qd4 Kg8 46. Kg3 a6 47. h4 Rcc7 48. Qd5+ Kh8 49. Qh5+ Kg8 50. Qe8+ Kh7 51. Qe4+ Kg8 52. g5 Rcd7 53. Kg4 Rge7 54. Qc4+ Kg7 55. h5 Rc7 56. Qd4+ Kg8 57. g6 Red7 58. Qe4 b5 59. b3 1-0

[Event "BEL-chT 0203"]
[Site "Belgium"]
[Date "2003.01.26"]
[Round "7.7"]
[White "Van der Linde, Maurits"]
[Black "Goossens, Etienne"]
[Result "1-0"]
[WhiteElo "2203"]
[BlackElo "2203"]
[PlyCount "81"]
[EventDate "2002.10.06"]
[EventType "team"]
[EventRounds "11"]
[EventCountry "BEL"]
[SourceTitle "EXT 2004"]
[Source "ChessBase"]
[SourceDate "2003.11.25"]
[SourceVersion "1"]
[SourceVersionDate "2003.11.25"]
[SourceQuality "1"]
[WhiteTeam "Gent"]
[BlackTeam "Liege Crelel"]
[WhiteTeamCountry "BEL"]
[BlackTeamCountry "BEL"]

1. e4 c5 2. c3 Nf6 3. e5 Nd5 4. Nf3 e6 5. d4 cxd4 6. cxd4 Bb4+ 7. Bd2 b6 8. Bxb4 Nxb4 9. Nc3 Bb7 10. a3 Nd5 11. Ne4 0-0 12. Nd6 Ba6 13. Bxa6 Nxa6 14. 0-0 Nac7 15. Nd2 Ne8 16. Nxe8 Qxe8 17. Ne4 f5 18. Nd6 Qg6 19. Qa4 Nf4 20. g3 Ne2+ 21. Kh1 Qh5 22. Qb3 f4 23. Qd3 Qh3 24. Qf3 Nxd4 25. Qg2 Qg4 26. Qe4 Nb3 27. Rad1 Nc5 28. Qd4 Qh3 29. Rg1 Qh5 30. Qc3 fxg3 31. Qxg3 g6 32. f4 Qe2 33. Rde1 Qxb2 34. h4 Qd4 35. Rgf1 Kh8 36. h5 Qd5+ 37. Rf3 g5 38. Kh2 gxf4 39. Qg2 Nd3 40. h6 Nxe1 41. Qg7# 1-0

[Event "BEL-chT 0203"]
[Site "Belgium"]
[Date "2002.10.06"]
[Round "1.6"]
[White "Van Leeuwen, Etienne"]
[Black "Van der Linde, Maurits"]
[Result "0-1"]
[WhiteElo "2152"]
[BlackElo "2203"]
[PlyCount "38"]
[EventDate "2002.10.06"]
[EventType "team"]
[EventRounds "11"]
[EventCountry "BEL"]
[SourceTitle "CBM 090 Extra"]
[Source "ChessBase"]
[SourceDate "2002.11.07"]
[SourceVersion "1"]
[SourceVersionDate "2002.11.07"]
[SourceQuality "1"]
[WhiteTeam "Gent II"]
[BlackTeam "Gent"]
[WhiteTeamCountry "BEL"]
[BlackTeamCountry "BEL"]

1. e4 d5 2. exd5 Qxd5 3. d4 e5 4. Nf3 Bg4 5. Be2 exd4 6. Nc3 Bb4 7. 0-0 Bxc3 8. bxc3 Nc6 9. cxd4 Nge7 10. c4 Qe4 11. d5 Ne5 12. Nxe5 Bxe2 13. Qa4+ Kf8 14. Nd7+ Kg8 15. Re1 Ng6 16. Qb4 Nh4 17. f3 Qd4+ 18. Kh1 Qf2 19. Rg1 Nxf3 0-1